plus long que le gouvernement lecornu - Statistiques

Statistiques générales
  • Ce quiz a été pris 388 fois
  • Le résultat moyen est 2 sur 7
Answers on the Grid
Answers color-coded by a green-red scale on the quiz's grid according to % correct below.
rotation de la Terre sur elle même
un trajet Lille-Marseille en voiture
un brossage de dent
le sommeil moyen d'un chat
le règne de Louis XIX
une gueule de bois
60cm de pousse pour un bambou
Logistics, le plus long film du monde
20h de conduite accompagnée
décalage horaire Paris-Canberra
lire un livre de mille pages
nombre d'heures passées au feu rouge par an
 
Statistiques - réponses
Réponse % Correct
20h de conduite accompagnée
55%
rotation de la Terre sur elle même
46%
lire un livre de mille pages
33%
Logistics, le plus long film du monde
31%
le sommeil moyen d'un chat
29%
une gueule de bois
23%
un trajet Lille-Marseille en voiture
18%
Aucun quiz correspondant
Distribution des résultats
% des personnes avec chaque résultat
Percentile par nombre de réponses
Votre historique - résultats
Vous n’avez pas pris ce quiz